01522 a2200181 45000010006000000050017000060080041000230030015000640400040000790800034001192450036001530200018001892640037002073000019002445050950002631000028012138560099012414748920260407155742.0260407a1995 arg spa dAR-UNSa-BCEJYS aAR-UNSa-BCEJYSbspacAR-UNSa-BCEJYS a94(82)xHistoria de Argentina10aHistoria del noroeste argentino a950-21-0851-5 1aBuenos Aires :bPlus Ultrac1995 a434 p.c23 cm. a1. La región y provincia de Tucumán - 2. Las guerras calchaquíes - 3. La provincia de Tucumán en vísperas de la revolución - 4. Las provincias del norte y la Revolución de Mayo - 5. El ejército auxiliar del Perú y los pueblos del norte - 6. Cambios producidos por la guerra en las ciudades del norte. Política, sociedad y economía - 7. Las provincias del norte en el congreso de Tucumán - 8. El pueblo en armas: republiquetas y guerra gaucha - 9. Reacciones autonómicas y federativas - 10. La disolución del Estado Nacional - 11. El proyecto unitario - 12. Guerra de federales y unitarios en el norte. El ascenso político de Quiroga - 13. La segregación del Alto Perú - 14. De la Ciudadela a Barranca Yaco - 15. El Protectorado del norte argentino - 16. La liga del norte - 17. El sistema de la confederación rosista, lealtades y resistencias - 18. La organización constitucional y las provincias del norte.1 aBazán, Armando Raúl41uhttps://www.biblioeco.unsa.edu.ar/pmb/images/libros/L127530.jpgyImagen de portadaqimage/jpeg